Tangara: "let us set off again." / (Record no. 9239)

MARC details
000 -LEADER
fixed length control field 01157cam a22003011 4500
001 - CONTROL NUMBER
control field 9239
003 - CONTROL NUMBER IDENTIFIER
control field FISKH
005 - DATE AND TIME OF LATEST TRANSACTION
control field 20251204111816.0
008 - FIXED-LENGTH DATA ELEMENTS--GENERAL INFORMATION
fixed length control field 850718s1960 enka j 000 1 eng
010 ## - LIBRARY OF CONGRESS CONTROL NUMBER
LC control number 61004148
035 ## - SYSTEM CONTROL NUMBER
System control number 6090508
035 ## - SYSTEM CONTROL NUMBER
System control number (OCoLC)12276706
040 ## - CATALOGING SOURCE
Original cataloging agency DLC
Transcribing agency NcGU
Modifying agency DLC
050 ## - LIBRARY OF CONGRESS CALL NUMBER
Classification number PZ7
082 ## - DEWEY DECIMAL CLASSIFICATION NUMBER
Classification number 823.914
100 1# - MAIN ENTRY--PERSONAL NAME
Personal name Chauncy, Nan.
245 10 - TITLE STATEMENT
Title Tangara: "let us set off again." /
Statement of responsibility, etc. Illustrated by Brian Wildsmith.
260 ## - PUBLICATION, DISTRIBUTION, ETC.
Place of publication, distribution, etc. London,
Name of publisher, distributor, etc. Oxford University Press,
Date of publication, distribution, etc. 1960.
300 ## - PHYSICAL DESCRIPTION
Extent 180 pages :
Other physical details illustrations ;
Dimensions 22 cm
505 ## - FORMATTED CONTENTS NOTE
Formatted contents note R<br/>
520 ## - SUMMARY, ETC.
Summary, etc. Written by the three-time winner of the Australian Children's Book of the Year Award and first published in 1960, this story relates the friendship which develops between two young girls from different cultures. Lexie and her Aboriginal friend Merrina face many challenges and adventures together during the course of the story.
521 8# - TARGET AUDIENCE NOTE
Target audience note 730<br/>
Source Lexile estimate<br/>
521 8# - TARGET AUDIENCE NOTE
Target audience note R<br/>
Source Raz-Plus<br/>
650 ## - SUBJECT ADDED ENTRY--TOPICAL TERM
Topical term or geographic name entry element Aboriginal Australians
Form subdivision Children's fiction
906 ## - LOCAL DATA ELEMENT F, LDF (RLIN)
a 7
b cbc
c oclcrpl
d u
e ncip
f 19
g y-gencatlg
942 ## - ADDED ENTRY ELEMENTS (KOHA)
Source of classification or shelving scheme Dewey Decimal Classification
Koha item type Books
Suppress in OPAC No
Holdings
Withdrawn status Lost status Source of classification or shelving scheme Damaged status Not for loan Collection Home library Current library Shelving location Date acquired Total Checkouts Full call number Barcode Date last seen Copy number Price effective from Koha item type
    Dewey Decimal Classification     Juvenile Fiction Footprints International School Library Network Toul Tom Poung Campus Footprints International School Library Network Toul Tom Poung Campus TTP Primary Orange Bookshelves 12/04/2025   CHA 823.914 PZ7 2025-5018 12/04/2025 1 12/04/2025 Books